[Event "ARG-ch U18"]
[Site "Ibague"]
[Date "2024.03.17"]
[Round "6"]
[White "Munoz Triana, Joseph Steve"]
[Black "Campos Gomez, Manuel"]
[Result "0-1"]
[WhiteElo "2118"]
[BlackElo "2281"]
[PlyCount "102"]
[EventDate "2024.03.14"]
[EventType "swiss"]
[EventRounds "7"]
[EventCountry "COL"]
[SourceTitle "CB12_2024"]
[SourceDate "2023.10.01"]
[SourceVersion "1"]
[SourceVersionDate "2023.10.01"]
[SourceQuality "1"]

1. d4 Nf6 2. Nf3 g6 3. g3 Bg7 4. Bg2 0-0 5. c4 d6 6. 0-0 Nbd7 7. Nc3 e5 8. e4 a6 9. d5 b5 10. Qe2 bxc4 11. Be3 Rb8 12. Rab1 a5 13. Qxc4 Rb4 14. Qd3 Ng4 15. a3 Rb8 16. b4 Nxe3 17. Qxe3 axb4 18. axb4 f5 19. Qd3 Rb6 20. Nd2 Ba6 21. Nc4 Rb8 22. Ra1 Rxb4 23. Rxa6 Nc5 24. Rxd6 cxd6 25. Qe2 Nb3 26. Ne3 Nd4 27. Qd1 Qc7 28. Ne2 f4 29. Nxd4 Rxd4 30. Qc2 Rc8 31. Qxc7 Rxc7 32. Nd1 Rc2 33. Bf3 h5 34. Re1 Rdd2 35. Kg2 Bf6 36. Rg1 Rc1 37. Re1 Kg7 38. Rg1 Kh6 39. Re1 g5 40. g4 h4 41. Kf1 Bd8 42. Be2 Ba5 43. h3 Ra2 44. f3 Bxe1 45. Kxe1 Kg7 46. Bf1 Kf8 47. Bb5 Ke7 48. Be2 Kd8 49. Bb5 Kc7 50. Be2 Kb6 51. Bc4 Rxc4 0-1

[Event "COL-ch U20"]
[Site "Cali"]
[Date "2024.03.03"]
[Round "9"]
[White "Cordoba Roa, Angel Gabriel"]
[Black "Munoz Triana, Joseph Steve"]
[Result "1-0"]
[WhiteElo "2312"]
[BlackElo "2118"]
[PlyCount "121"]
[EventDate "2024.02.28"]
[EventType "swiss"]
[EventRounds "9"]
[EventCountry "COL"]
[SourceTitle "CB11_2024"]
[SourceDate "2024.03.13"]
[SourceVersion "1"]
[SourceVersionDate "2024.03.13"]
[SourceQuality "1"]

1. e4 c5 2. Nf3 Nc6 3. Bb5 g6 4. 0-0 Bg7 5. c3 Nf6 6. Re1 0-0 7. d4 cxd4 8. cxd4 a6 9. Ba4 b5 10. Bb3 d6 11. h3 Bb7 12. Nc3 Na5 13. Bc2 Rc8 14. Bd3 Nc4 15. b3 Qa5 16. bxc4 bxc4 17. Bc2 Qxc3 18. Rb1 Ba8 19. Bd2 Qa3 20. Bb4 Qxa2 21. Bc3 Bxe4 22. Bxe4 Nxe4 23. Rxe4 Rb8 24. Ra1 Qb3 25. Qe1 e6 26. Rxa6 d5 27. Re2 Qb1 28. Ra1 Qxe1+ 29. Rexe1 Rb3 30. Rec1 Bh6 31. Rc2 f6 32. Ra6 Re8 33. g3 Bg7 34. Nd2 Rb5 35. Nf1 Rb1 36. Kg2 Rd1 37. Ra7 e5 38. Ne3 Rd3 39. Nxd5 exd4 40. Bb4 c3 41. Ne7+ Kh8 42. Re2 Rd8 43. Nc6 Rg8 44. Rd7 h5 45. Rxd4 Rxd4 46. Nxd4 Rc8 47. Rc2 f5 48. Ne2 Kh7 49. Bxc3 f4 50. gxf4 Rc4 51. Rc1 Bf8 52. Be5 Rxc1 53. Nxc1 Kg8 54. Kf3 Kf7 55. Ke4 Bc5 56. f3 Ke6 57. Nb3 Ba3 58. Nd4+ Kf7 59. f5 Bc1 60. fxg6+ Kxg6 61. f4 1-0

[Event "COL-ch U20"]
[Site "Cali"]
[Date "2024.03.02"]
[Round "6"]
[White "Munoz Triana, Joseph Steve"]
[Black "Campos Gomez, Manuel"]
[Result "1/2-1/2"]
[WhiteElo "2118"]
[BlackElo "2281"]
[PlyCount "150"]
[EventDate "2024.02.28"]
[EventType "swiss"]
[EventRounds "9"]
[EventCountry "COL"]
[SourceTitle "CB11_2024"]
[SourceDate "2024.03.13"]
[SourceVersion "1"]
[SourceVersionDate "2024.03.13"]
[SourceQuality "1"]

1. e4 Nf6 2. e5 Nd5 3. d4 d6 4. c4 Nb6 5. exd6 cxd6 6. h3 g6 7. Nf3 Bg7 8. Be2 0-0 9. 0-0 Bf5 10. a4 Nc6 11. a5 Nxa5 12. Rxa5 Bxb1 13. Be3 Bf5 14. b4 a6 15. Qb3 Rc8 16. Ra2 d5 17. c5 Nc4 18. b5 axb5 19. Qxb5 Nxe3 20. fxe3 Qc7 21. Bd3 Bd7 22. Qb2 Rfe8 23. Ra7 Bc6 24. Bb5 Qb8 25. Bxc6 bxc6 26. Rb7 Qg3 27. Qe2 Ra8 28. e4 dxe4 29. Qxe4 Ra2 30. Ne5 Bh6 31. Qxc6 Rf8 32. Qf3 Qh4 33. Ng4 Bg7 34. Rd7 h5 35. Ne5 Bxe5 36. dxe5 Qg5 37. Qe4 Ra5 38. h4 Qg4 39. Qxg4 hxg4 40. Rc1 Rc8 41. c6 e6 42. c7 Rd5 43. Rxd5 exd5 44. Kf2 Kf8 45. Kg3 Ke7 46. Rc6 Kd7 47. Rd6+ Ke7 48. Kxg4 Rxc7 49. Rxd5 Ke6 50. Ra5 f6 51. exf6 Kxf6 52. h5 Rc4+ 53. Kh3 gxh5 54. Rxh5 Kg6 55. Ra5 Rc6 56. Kh4 Rb6 57. Ra4 Rc6 58. Rg4+ Kh6 59. Re4 Kg6 60. Kg4 Ra6 61. Rb4 Rf6 62. Rb8 Ra6 63. Rg8+ Kh7 64. Rg5 Kh6 65. Rb5 Kg6 66. Rg5+ Kh6 67. Rf5 Kg6 68. g3 Ra4+ 69. Rf4 Ra6 70. Kh4 Rb6 71. Rc4 Ra6 72. g4 Rb6 73. Rc8 Ra6 74. Rg8+ Kh7 75. Rd8 Kg6 1/2-1/2

[Event "COL-chT"]
[Site "Risaralda"]
[Date "2023.11.22"]
[Round "6.4"]
[White "Munoz Triana, Joseph Steve"]
[Black "Gonzalez Lopez, Nicolas Mateo"]
[Result "1-0"]
[WhiteElo "1984"]
[BlackElo "2190"]
[PlyCount "73"]
[EventDate "2023.11.19"]
[EventType "team-swiss"]
[EventRounds "7"]
[EventCountry "COL"]
[SourceTitle "CB49_2023"]
[SourceDate "2023.12.06"]
[SourceVersion "1"]
[SourceVersionDate "2023.12.06"]
[SourceQuality "1"]
[WhiteTeam "Tolima"]
[BlackTeam "Bogota"]
[WhiteTeamCountry "COL"]
[BlackTeamCountry "COL"]

1. e4 c6 2. d4 d5 3. exd5 cxd5 4. Bd3 Nc6 5. c3 Nf6 6. Bf4 Bg4 7. Qb3 Qd7 8. Nd2 e6 9. Ngf3 Bd6 10. Ne5 Qc7 11. 0-0 0-0 12. Rae1 Rac8 13. Nxg4 Bxf4 14. Nxf6+ gxf6 15. Nf3 Kh8 16. g3 Rg8 17. Kh1 Bd6 18. Nh4 f5 19. f4 Be7 20. Ng2 Na5 21. Qd1 Nc4 22. Bxc4 Qxc4 23. Ne3 Qc7 24. Qh5 Bd6 25. Rf2 Rg6 26. g4 Bxf4 27. gxf5 Rh6 28. Qf3 Bg3 29. Ng4 Bxf2 30. Qxf2 Rh5 31. Nf6 Rh6 32. Ng4 Rh3 33. fxe6 f5 34. e7 Qd7 35. Nf6 Qd6 36. e8Q+ Rxe8 37. Nxe8 1-0

[Event "Medellin de La Raza op"]
[Site "Medellin"]
[Date "2023.10.13"]
[Round "4"]
[White "Munoz Triana, Joseph Steve"]
[Black "Labrador Avendano, Angie Jhoana"]
[Result "1-0"]
[WhiteElo "1912"]
[BlackElo "1626"]
[PlyCount "37"]
[EventDate "2023.10.12"]
[EventType "swiss"]
[EventRounds "10"]
[EventCountry "COL"]
[SourceTitle "Mega2024 Update 01"]
[Source "Chessbase"]
[SourceDate "2023.11.12"]
[SourceVersion "1"]
[SourceVersionDate "2023.11.12"]
[SourceQuality "1"]

1. e4 d5 2. exd5 Qxd5 3. Nc3 Qa5 4. d4 Nf6 5. Bc4 c6 6. Bd2 Qc7 7. Nf3 Bf5 8. Ne5 e6 9. g4 Be4 10. Nxe4 Nxe4 11. Bf4 g5 12. Qe2 Qa5+ 13. Kf1 Nc3 14. bxc3 Qxc3 15. Nxf7 Qxa1+ 16. Kg2 Qxd4 17. Qxe6+ Be7 18. Nd6+ Kd8 19. Qc8# 1-0

[Event "Pereira Fiestas de la Cosecha op"]
[Site "Pereira"]
[Date "2023.08.26"]
[Round "4"]
[White "Castro Castro, Joaquin"]
[Black "Munoz Triana, Joseph Steve"]
[Result "1-0"]
[WhiteElo "1900"]
[BlackElo "1987"]
[PlyCount "79"]
[EventDate "2023.08.24"]
[EventType "swiss"]
[EventRounds "7"]
[EventCountry "COL"]
[SourceTitle "EXT 2024"]
[Source "ChessBase"]
[SourceDate "2023.10.10"]
[SourceVersion "1"]
[SourceVersionDate "2023.10.10"]
[SourceQuality "1"]

1. d4 Nf6 2. Nc3 c5 3. d5 e5 4. e4 d6 5. Nf3 g6 6. Be2 Bg7 7. Nd2 0-0 8. Nc4 b5 9. Nd2 a6 10. a3 h6 11. b4 Nbd7 12. Nb3 Qc7 13. Bd2 Re8 14. h3 Nb6 15. Na5 Bd7 16. 0-0 Nh7 17. g4 g5 18. Bf3 Nf8 19. Ne2 Ng6 20. Ng3 Nf4 21. Kh2 cxb4 22. axb4 Rec8 23. Ra2 Bf6 24. Nf5 Kh7 25. Qa1 Qb8 26. Rh1 Ng6 27. Be3 Bd8 28. Rc1 Na4 29. c4 Bxa5 30. bxa5 Nc5 31. Rb1 Qc7 32. cxb5 Bxb5 33. Rc1 Bd7 34. Rac2 Bxf5 35. gxf5 Nf4 36. Bxc5 dxc5 37. Rxc5 Qxc5 38. Rxc5 Rxc5 39. Qxe5 Rc2 40. Qf6 1-0

[Event "COL-ch"]
[Site "Cartagena"]
[Date "2023.06.11"]
[Round "8"]
[White "Perez Latorre, Juan Sebastian"]
[Black "Munoz Triana, Joseph Steve"]
[Result "0-1"]
[WhiteElo "1621"]
[BlackElo "1932"]
[PlyCount "130"]
[EventDate "2023.06.08"]
[EventType "swiss"]
[EventRounds "9"]
[EventCountry "COL"]
[SourceTitle "CBM 215 Extra"]
[Source "ChessBase"]
[SourceDate "2023.09.30"]
[SourceVersion "1"]
[SourceVersionDate "2023.09.30"]
[SourceQuality "1"]

1. e4 c5 2. Nf3 Nc6 3. c3 Nf6 4. d3 g6 5. Be3 d6 6. d4 cxd4 7. cxd4 Nxe4 8. d5 Qa5+ 9. Nc3 Nxc3 10. bxc3 Ne5 11. Bd4 Bg7 12. Be2 0-0 13. 0-0 Qxd5 14. Nxe5 dxe5 15. Bf3 e4 16. Bxg7 Qxd1 17. Rfxd1 Kxg7 18. Bxe4 Rb8 19. h3 Be6 20. Bd5 Bxd5 21. Rxd5 Rfc8 22. Re1 e6 23. Rd7 Kf8 24. Re3 Ke8 25. Rdd3 Rd8 26. c4 Rxd3 27. Rxd3 Rd8 28. Ra3 a6 29. Rb3 Rd1+ 30. Kh2 Rd7 31. g4 f6 32. Rb6 Ke7 33. Kg3 e5 34. a4 h6 35. a5 Rc7 36. Kf3 Rxc4 37. Rxb7+ Kd6 38. Rf7 Ke6 39. Rb7 Rc3+ 40. Ke2 Rc6 41. Kd3 h5 42. f3 hxg4 43. hxg4 Kd5 44. Rb8 f5 45. gxf5 gxf5 46. Rd8+ Rd6 47. Rc8 Rc6 48. Rd8+ Rd6 49. Rc8 Rd7 50. Rb8 Kc5+ 51. Ke3 Kc4 52. Rb6 Rd3+ 53. Ke2 Ra3 54. Rxa6 f4 55. Ra8 Kd4 56. a6 Ra2+ 57. Kf1 Ke3 58. Re8 Kxf3 59. Rxe5 Ra1+ 60. Re1 Rxa6 61. Rb1 Ra3 62. Rc1 Kg3 63. Rb1 f3 64. Kg1 Ra2 65. Rf1 Rg2+ 0-1

[Event "COL-ch U16"]
[Site "Villavicencio"]
[Date "2022.05.13"]
[Round "5"]
[White "Malagon Guzman, Juan Daniel"]
[Black "Munoz Triana, Joseph Steve"]
[Result "0-1"]
[WhiteElo "1672"]
[BlackElo "1693"]
[PlyCount "110"]
[EventDate "2022.05.11"]
[EventType "swiss"]
[EventRounds "9"]
[EventCountry "COL"]
[SourceTitle "CBM 208 Extra"]
[Source "ChessBase"]
[SourceDate "2022.07.31"]
[SourceVersion "1"]
[SourceVersionDate "2022.07.31"]
[SourceQuality "1"]

1. e4 c5 2. Nf3 Nc6 3. Bb5 g6 4. 0-0 Bg7 5. Re1 e5 6. c3 Qc7 7. d4 cxd4 8. cxd4 exd4 9. e5 Nge7 10. Bf4 0-0 11. Nbd2 Qb6 12. Ba4 Qxb2 13. Nc4 Qb4 14. Bb3 Nd5 15. Bg3 b5 16. Nd6 Nc3 17. Qd3 Bh6 18. h4 a5 19. h5 a4 20. Bxf7+ Rxf7 21. hxg6 Rf8 22. gxh7+ Kh8 23. Qg6 Bg7 24. Ng5 Nd8 25. e6 dxe6 26. Be5 Ra7 27. Nxc8 Bxe5 28. Nxa7 Bg7 29. Nxe6 Nxe6 30. Rxe6 Qb2 31. Rf1 Ne2+ 32. Kh1 Nf4 33. Qg4 Nxe6 34. Qxe6 d3 35. Nc6 Qf6 36. Qd5 Qf5 37. Qxf5 Rxf5 38. g4 Rc5 39. Rd1 Rxc6 40. Rxd3 Kxh7 41. Rd5 Rc2 42. Rxb5 Rxf2 43. Rh5+ Kg6 44. Rh2 Rf1+ 45. Kg2 Ra1 46. Kf3 a3 47. Rc2 Bb2 48. Rc6+ Kg5 49. Rc5+ Kf6 50. g5+ Ke6 51. g6 Rxa2 52. Rc6+ Kd5 53. Rc2 Ra1 54. Kg2 a2 55. Rd2+ Kc4 0-1

[Event "COL-ch U16"]
[Site "Villavicencio"]
[Date "2022.05.12"]
[Round "3"]
[White "Delgado Caballero, Kevin Daniel"]
[Black "Munoz Triana, Joseph Steve"]
[Result "0-1"]
[WhiteElo "1401"]
[BlackElo "1693"]
[PlyCount "68"]
[EventDate "2022.05.11"]
[EventType "swiss"]
[EventRounds "9"]
[EventCountry "COL"]
[SourceTitle "CBM 208 Extra"]
[Source "ChessBase"]
[SourceDate "2022.07.31"]
[SourceVersion "1"]
[SourceVersionDate "2022.07.31"]
[SourceQuality "1"]

1. e4 c5 2. d4 cxd4 3. c3 dxc3 4. Nxc3 Nc6 5. Nf3 e6 6. Bc4 a6 7. Qe2 b5 8. Bb3 Bb7 9. 0-0 Nge7 10. Bg5 f6 11. Bf4 Ng6 12. Bg3 Na5 13. e5 Nxb3 14. axb3 f5 15. Rad1 f4 16. Nd4 Qb6 17. Qd2 fxg3 18. Ndxb5 gxh2+ 19. Kh1 Qc6 20. Qxd7+ Qxd7 21. Rxd7 Kxd7 22. Rd1+ Bd5 23. Nxd5 exd5 24. Rxd5+ Kc6 25. Nc3 Bb4 26. Rd4 Bxc3 27. bxc3 Nxe5 28. f4 Ng4 29. b4 Rae8 30. Rd1 Re2 31. g3 Rd8 32. b5+ axb5 33. Rd6+ Rxd6 34. c4 Rd1# 0-1

[Event "Tolima Deportivo op"]
[Site "Tolima"]
[Date "2021.11.13"]
[Round "3"]
[White "Munoz Triana, Joseph Steve"]
[Black "Diaz, Jaime Walter"]
[Result "0-1"]
[WhiteElo "1613"]
[BlackElo "2131"]
[PlyCount "74"]
[EventDate "2021.11.12"]
[EventType "swiss"]
[EventRounds "7"]
[EventCountry "COL"]
[SourceTitle "CBM 205 Extra"]
[Source "ChessBase"]
[SourceDate "2022.01.31"]
[SourceVersion "1"]
[SourceVersionDate "2022.01.31"]
[SourceQuality "1"]

1. e4 e5 2. Nf3 Qe7 3. Nc3 c6 4. a4 a5 5. Bc4 d6 6. h3 h6 7. 0-0 g5 8. d4 g4 9. hxg4 Bxg4 10. dxe5 dxe5 11. Qd3 Nd7 12. b3 Qf6 13. Nh2 Bh5 14. Qh3 Bg6 15. Ng4 Qg7 16. f4 exf4 17. Bxf4 Bc5+ 18. Kh1 h5 19. Nh2 Ngf6 20. e5 Ng4 21. Rad1 0-0-0 22. e6 fxe6 23. Bxe6 Bd4 24. Ne2 Be5 25. Qf3 Bxc2 26. Rc1 Qg6 27. Bxe5 Ngxe5 28. Qh3 Be4 29. Nf4 Qh7 30. Qc3 Kb8 31. Qxa5 Ng4 32. Rcd1 Qe7 33. Qe1 Ndf6 34. Rxd8+ Qxd8 35. Nf3 Qd6 36. Ng5 Qd4 37. Nxe4 Nxe4 0-1

[Event "Ibague op"]
[Site "Ibague"]
[Date "2021.10.24"]
[Round "9"]
[White "Munoz Triana, Joseph Steve"]
[Black "Mencos Castillo, Maria E"]
[Result "1-0"]
[WhiteElo "1534"]
[BlackElo "1865"]
[PlyCount "67"]
[EventDate "2021.10.20"]
[EventType "swiss"]
[EventRounds "9"]
[EventCountry "COL"]
[SourceTitle "CBM 204 Extra"]
[Source "ChessBase"]
[SourceDate "2021.11.30"]
[SourceVersion "1"]
[SourceVersionDate "2021.11.30"]
[SourceQuality "1"]

1. e4 e5 2. Nf3 Qe7 3. Nc3 c6 4. a4 Nf6 5. d4 d6 6. b3 Qc7 7. Ba3 Be7 8. Bc4 0-0 9. 0-0 Nxe4 10. Nxe4 d5 11. Bxe7 Qxe7 12. Re1 dxc4 13. Nxe5 cxb3 14. cxb3 Be6 15. Nc5 Bd5 16. Nxc6 Qg5 17. Ne7+ Kh8 18. Nxd5 Qxd5 19. Re5 Qc6 20. Rc1 Nd7 21. Ne6 Qb6 22. Nxf8 Nxe5 23. dxe5 Rxf8 24. Qd6 Rd8 25. Qxb6 axb6 26. g3 h6 27. Rc7 Rd1+ 28. Kg2 Rb1 29. Rxf7 Rxb3 30. e6 Kg8 31. Rxb7 Kf8 32. a5 b5 33. a6 Ra3 34. a7 1-0

[Event "Ibague op"]
[Site "Ibague"]
[Date "2021.10.22"]
[Round "6"]
[White "Munoz Triana, Joseph Steve"]
[Black "Palomares Valencia, Daniel Felipe"]
[Result "0-1"]
[WhiteElo "1534"]
[BlackElo "1793"]
[PlyCount "84"]
[EventDate "2021.10.20"]
[EventType "swiss"]
[EventRounds "9"]
[EventCountry "COL"]
[SourceTitle "CBM 204 Extra"]
[Source "ChessBase"]
[SourceDate "2021.11.30"]
[SourceVersion "1"]
[SourceVersionDate "2021.11.30"]
[SourceQuality "1"]

1. e4 e6 2. d4 d5 3. exd5 exd5 4. Nf3 Bd6 5. Bd3 Nc6 6. 0-0 Nge7 7. h3 Nb4 8. Bb5+ c6 9. Be2 Bf5 10. Na3 0-0 11. c3 Na6 12. Nc2 Qc7 13. Ne3 Bd7 14. b4 Ng6 15. a4 Rae8 16. Re1 Nb8 17. Bd3 Bc8 18. Nf5 Nd7 19. Nxd6 Qxd6 20. b5 Rxe1+ 21. Qxe1 Qc7 22. Ba3 Rd8 23. Bxg6 hxg6 24. Qe7 Rf8 25. Qh4 Re8 26. Re1 Rxe1+ 27. Nxe1 cxb5 28. Bb4 Nf6 29. a5 b6 30. Qg3 Qxg3 31. fxg3 Ne4 32. g4 bxa5 33. Bxa5 Nd2 34. Nd3 Nc4 35. Bc7 f6 36. Kf2 Kf7 37. Ke2 Ke8 38. Nf4 Bb7 39. Nxg6 Kd7 40. Bb8 a5 41. Kd3 a4 42. Ba7 a3 0-1

[Event "Ibague op"]
[Site "Ibague"]
[Date "2021.10.21"]
[Round "3"]
[White "Alvarez Angel, Nelson Eduardo"]
[Black "Munoz Triana, Joseph Steve"]
[Result "1-0"]
[WhiteElo "2036"]
[BlackElo "1534"]
[PlyCount "75"]
[EventDate "2021.10.20"]
[EventType "swiss"]
[EventRounds "9"]
[EventCountry "COL"]
[SourceTitle "CBM 204 Extra"]
[Source "ChessBase"]
[SourceDate "2021.11.30"]
[SourceVersion "1"]
[SourceVersionDate "2021.11.30"]
[SourceQuality "1"]

1. d4 Nf6 2. c4 g6 3. Nc3 Bg7 4. e4 d6 5. f4 0-0 6. Nf3 e5 7. fxe5 dxe5 8. d5 Na6 9. Bd3 Nc5 10. Bc2 a5 11. 0-0 Ne8 12. Be3 b6 13. a3 f5 14. b4 axb4 15. axb4 Rxa1 16. Qxa1 Nxe4 17. Nxe4 fxe4 18. Nd2 Rxf1+ 19. Qxf1 Nd6 20. Nxe4 Bf5 21. Nxd6 Qxd6 22. Bxf5 gxf5 23. Qxf5 Qxb4 24. Qc8+ Kf7 25. Qxc7+ Kf8 26. Qc8+ Kf7 27. Qf5+ Kg8 28. Qf1 Qb3 29. Qc1 e4 30. h3 Bb2 31. Qd2 Bc3 32. Qe2 Qb1+ 33. Qf1 Qb4 34. Qf5 Qxc4 35. Qe6+ Kh8 36. Bh6 Qd4+ 37. Kh1 Qd1+ 38. Kh2 1-0